[Event "Lagan Spring IM"]
[Site "Lagan"]
[Date "2019.04.02"]
[Round "3"]
[White "Pilavov, Georgy"]
[Black "Plokhotniuk, Vladimir"]
[Result "1/2-1/2"]
[WhiteElo "2611"]
[BlackElo "2380"]
[PlyCount "114"]
[EventDate "2019.04.01"]
[EventType "tourn"]
[EventRounds "9"]
[EventCountry "RUS"]
[EventCategory "2"]
[SourceTitle "CBM 189 Extra"]
[Source "ChessBase"]
[SourceDate "2019.06.03"]
[SourceVersion "1"]
[SourceVersionDate "2019.06.03"]
[SourceQuality "1"]

1. e4 d6 2. d4 Nf6 3. Nc3 c6 4. f4 Qb6 5. Nf3 Bg4 6. e5 Nd5 7. Nxd5 cxd5 8. c3 Nc6 9. Be2 e6 10. h3 Bf5 11. 0-0 Be7 12. Bd3 Bxd3 13. Qxd3 0-0 14. Be3 dxe5 15. Nxe5 Nxe5 16. fxe5 f5 17. exf6 Rxf6 18. Qe2 Raf8 19. Rxf6 Bxf6 20. Rf1 Be7 21. Rxf8+ Bxf8 22. Bf4 Be7 23. Kh2 Kf7 24. Kg3 Bd6 25. Qh5+ Kf8 26. Qf3 Ke7 27. Bxd6+ Qxd6+ 28. Qf4 Qb6 29. Qg5+ Kf7 30. Qh5+ Ke7 31. Qe5 Kf7 32. b3 Qa5 33. Qf4+ Ke7 34. Qd2 Qc7+ 35. Kg4 b5 36. Qd3 Qh2 37. Kf3 e5 38. dxe5 Qxe5 39. Qe3 Kd6 40. Qxe5+ Kxe5 41. Ke3 g5 42. g4 h6 43. Kd3 Kd6 44. Kd4 a6 45. b4 Ke6 46. Kc5 Ke5 47. Kb6 Ke4 48. Kxa6 Kd3 49. Kxb5 Kxc3 50. Kc5 d4 51. b5 d3 52. b6 d2 53. b7 d1Q 54. b8Q Qd4+ 55. Kc6 Qc4+ 56. Kd7 Qf7+ 57. Kc6 Qc4+ 1/2-1/2

[Event "Golubitskaya Crimean Dridge"]
[Site "Golubitskaya"]
[Date "2018.05.29"]
[Round "9"]
[White "Kravchenko, Vladimir"]
[Black "Plokhotniuk, Vladimir"]
[Result "0-1"]
[WhiteElo "1984"]
[BlackElo "2352"]
[PlyCount "24"]
[EventDate "2018.05.25"]
[EventType "tourn"]
[EventRounds "9"]
[EventCountry "RUS"]
[EventCategory "2"]
[SourceTitle "CBM 184 Extra"]
[Source "ChessBase"]
[SourceDate "2018.06.28"]
[SourceVersion "1"]
[SourceVersionDate "2018.06.28"]
[SourceQuality "1"]

1. e4 c6 2. Nc3 d5 3. Qf3 dxe4 4. Nxe4 Nf6 5. Nxf6+ gxf6 6. b3 Nd7 7. Bb2 Ne5 8. Qg3 Ng6 9. 0-0-0 Bf5 10. Nf3 e5 11. d4 Bh6+ 12. Kb1 Bf4 0-1

[Event "Golubitskaya op"]
[Site "Golubitskaya"]
[Date "2014.06.22"]
[Round "2"]
[White "Plokhotniuk, Vladimir"]
[Black "Rybakova, Galina"]
[Result "1-0"]
[WhiteElo "1817"]
[BlackElo "1464"]
[PlyCount "55"]
[EventDate "2014.06.21"]
[EventType "swiss"]
[EventRounds "9"]
[EventCountry "RUS"]
[SourceTitle "EXT 2015"]
[Source "ChessBase"]
[SourceDate "2014.11.20"]
[SourceVersion "1"]
[SourceVersionDate "2014.11.20"]
[SourceQuality "1"]

1. e4 c5 2. Nf3 Nc6 3. d4 cxd4 4. Nxd4 Nf6 5. Nc3 d6 6. g3 a6 7. Bg2 e6 8. 0-0 Be7 9. Be3 0-0 10. h3 Bd7 11. a4 e5 12. Nb3 Be6 13. a5 Qc8 14. Kh2 h6 15. f4 exf4 16. gxf4 Nh7 17. Nd5 Bxd5 18. exd5 Nd8 19. Qd3 f5 20. c4 Nf6 21. Nd4 Nh7 22. Rac1 Qd7 23. b4 Rc8 24. Bf3 g6 25. Rg1 Kf7 26. Ne6 Bf6 27. Nxf8 Nxf8 28. c5 1-0